• 首页
  • 本馆介绍
  • 公告通知
  • 最新文献
  • 馆藏检索
  • 电子资源
  • 读者导购
  • 参考咨询
  • 我的图书馆
  • 登录
  • 详细信息显示
  • 放入我的书架
  • 预约/预借图书
  • 作者相关作品
  • 分类相关作品
  • 丛书相关作品
  • 出版社相关作品

书目信息

  • 表格格式
  • 工作单格式
  • 卡片格式
题名:
乔布斯传
    
 
作者: 王咏刚 , 周虹 著
分册:  
出版信息: 上海   上海财经大学出版社  2011.08
页数: 307页
开本: 24cm
丛书名:
单 册:
中图分类: K837.125.38=6
科图分类:
主题词:
电子资源:
ISBN: 978-7-5642-1117-2
000 00854nam0 2200253 450
001 010050015987
005 20120321105251.65
010    @a978-7-5642-1117-2@dCNY39.80
100    @a20110728d2011 em y0chiy50 ea
101 0  @achi
102    @aCN@b310000
105    @aaf z 000yb
106    @ar
200 1  @a乔布斯传@9qiao bu si zhuan@e神一样的传奇@f王咏刚,周虹著
210    @a上海@c上海财经大学出版社@d2011.08
215    @a307页@c图,照片@d24cm
330    @a本书全面讲述了从乔布斯青年时期到苹果发布最新的icould云计算模式的整个创新历程,是内容最新,最全的乔布斯传记。
600  0 @a乔布斯@c(Jobs,Steve@f1955-)@x传记
600  0 @a乔布斯@c(Jobs,Steve@f1955-)
690    @aK837.125.38=6@v4
701  0 @a王咏刚@9wang yong gang@4著
701  0 @a周虹@9zhou hong@4著
801  0 @aCN@bRENTIAN@c20110728
905    @b538802-06@dK837.125.38=6@e702@f5
    
    乔布斯传:神一样的传奇/王咏刚,周虹著.-上海:上海财经大学出版社,2011.08
    307页:图,照片;24cm
    
    
    ISBN 978-7-5642-1117-2:CNY39.80
    本书全面讲述了从乔布斯青年时期到苹果发布最新的icould云计算模式的整个创新历程,是内容最新,最全的乔布斯传记。
●
相关链接 在E读中查询图书 在五车中查询图书 在当当中查询图书 在豆瓣中查询图书


正题名:乔布斯传     索取号:K837.125.38=6/702         预约/预借

序号 登录号 条形码 馆藏地/架位号 状态 备注
1 538802   205388025   第二样本阅览室/ [索取号:K837.125.38=6/702] 在馆    
2 538803   205388034   第二借阅区/ [索取号:K837.125.38=6/702] 在馆    
3 538804   205388043   第二借阅区/ [索取号:K837.125.38=6/702] 在馆    
4 538805   205388052   第二借阅区/ [索取号:K837.125.38=6/702] 在馆    
5 538806   205388061   第二借阅区/ [索取号:K837.125.38=6/702] 在馆    
唐山师范学院图书馆 欢迎您!
大连网信软件有限公司© 版权所有